Global value chains in a postcrisis world : (Record no. 19018)
[ view plain ]
| 000 -LEADER | |
|---|---|
| fixed length control field | 02420cam a2200325 a 4500 |
| 001 - CONTROL NUMBER | |
| control field | 16346083 |
| 005 - DATE AND TIME OF LATEST TRANSACTION | |
| control field | 20150314120931.0 |
| 008 - FIXED-LENGTH DATA ELEMENTS--GENERAL INFORMATION | |
| fixed length control field | 100723s2010 dcuab b i001 0 eng |
| 020 ## - INTERNATIONAL STANDARD BOOK NUMBER | |
| International Standard Book Number | 9780821384992 |
| 020 ## - INTERNATIONAL STANDARD BOOK NUMBER | |
| International Standard Book Number | 0821384996 |
| 020 ## - INTERNATIONAL STANDARD BOOK NUMBER | |
| International Standard Book Number | 9780821385036 (electronic) |
| 020 ## - INTERNATIONAL STANDARD BOOK NUMBER | |
| International Standard Book Number | 0821385038 (electronic) |
| 040 ## - CATALOGING SOURCE | |
| Original cataloging agency | DLC |
| Transcribing agency | DLC |
| Modifying agency | YDX |
| -- | YDXCP |
| -- | CDX |
| -- | BWX |
| -- | CEF |
| -- | SOI |
| -- | DLC |
| 082 00 - DEWEY DECIMAL CLASSIFICATION NUMBER | |
| Classification number | 337 |
| Edition number | 22 |
| Item number | GLO |
| 245 00 - TITLE STATEMENT | |
| Title | Global value chains in a postcrisis world : |
| Remainder of title | a development perspective / |
| Statement of responsibility, etc | editors Olivier Cattaneo, Gary Gereffi, and Cornelia Staritz. |
| 260 ## - PUBLICATION, DISTRIBUTION, ETC. (IMPRINT) | |
| Place of publication, distribution, etc | Washington, D.C. : |
| Name of publisher, distributor, etc | The World Bank, |
| Date of publication, distribution, etc | c.2010. |
| 300 ## - PHYSICAL DESCRIPTION | |
| Extent | xxi, 391 p. : |
| Other physical details | ill., map ; |
| Dimensions | 23 cm. |
| 504 ## - BIBLIOGRAPHY, ETC. NOTE | |
| Bibliography, etc | Includes bibliographical references and index. |
| 505 0# - FORMATTED CONTENTS NOTE | |
| Formatted contents note | Global value chains in a postcrisis world : resilience, consolidation, and shifting end markets / Olivier Cattaneo, Gary Gereffi, and Cornelia Staritz -- Trade, crisis, and recovery : restructuring global value chains / William Milberg and Deborah Winkler -- Global value chains and the crisis : reshaping international trade elasticity? / Hubert Escaith, Nannette Lindenberg, and S�ebastien Miroudot -- Global value chains, the crisis, and the shift of markets from North to South / Raphael Kaplinsky and Masuma Farooki -- The global apparel value chain, trade, and the crisis : challenges and opportunities for developing countries / Gary Gereffi and Stacey Frederick -- Effects of the 2008-09 crisis on the automobile industry in developing countries : a global value chain perspective / Johannes Van Biesebroeck and Timothy J. Sturgeon -- Global value chains in the electronics industry : was the crisis a window of opportunity for developing countries? / Timothy J. Sturgeon and Momoko Kawakami -- What happens when the market shifts to China? The Gabon timber and Thai cassava value chains / Raphael Kaplinsky, Anne Terheggen, and Julia Tijaja -- The offshore services value chain : developing countries and the crisis / Gary Gereffi and Karina Fernandez-Stark. |
| 650 #0 - SUBJECT ADDED ENTRY--TOPICAL TERM | |
| Topical term or geographic name as entry element | International trade. |
| 650 #0 - SUBJECT ADDED ENTRY--TOPICAL TERM | |
| Topical term or geographic name as entry element | International economic relations. |
| 650 #0 - SUBJECT ADDED ENTRY--TOPICAL TERM | |
| Topical term or geographic name as entry element | Global Financial Crisis, 2008-2009. |
| 653 ## - INDEX TERM--UNCONTROLLED | |
| Resource For college | BAEPS, Business Administration |
| Arrived date list | March2015 |
| 655 ## - INDEX TERM--GENRE/FORM | |
| Form subdivision | |
| -- | 34232 |
| 700 1# - ADDED ENTRY--PERSONAL NAME | |
| Personal name | Cattaneo, Olivier. |
| 700 1# - ADDED ENTRY--PERSONAL NAME | |
| Personal name | Gereffi, Gary. |
| 700 1# - ADDED ENTRY--PERSONAL NAME | |
| Personal name | Staritz, Cornelia. |
| 942 ## - ADDED ENTRY ELEMENTS (KOHA) | |
| Source of classification or shelving scheme | Dewey Decimal Classification |
| Withdrawn status | Item status | Source of classification or shelving scheme | Damaged status | Not for loan | Vendor | Home library | Current library | Shelving location | Date acquired | Source of acquisition | Cost, normal purchase price | Total Checkouts | Full call number | Barcode | Date last seen | Cost, replacement price | Koha item type |
|---|---|---|---|---|---|---|---|---|---|---|---|---|---|---|---|---|---|
| Dewey Decimal Classification | Baccah | Central Library | Central Library | First floor | 14/03/2015 | 420.00 | 337 GLO | 000037496 | 15/07/2025 | 525.00 | Book - Borrowing | ||||||
| Dewey Decimal Classification | Baccah | Central Library | Central Library | First floor | 14/03/2015 | 420.00 | 337 GLO | 000037497 | 15/07/2025 | 525.00 | Book - Borrowing | ||||||
| Dewey Decimal Classification | Baccah | Central Library | Central Library | First floor | 14/03/2015 | 420.00 | 337 GLO | 000037498 | 15/07/2025 | 525.00 | Book - Borrowing |